Central Library OPAC University of Rajshahi

الديوان لسيدنا علي رضي الله عنه مع حاشية المسمي بعمدة البيان.;;aldiywan lisayidina eali radi allah eanh mae hashiat almismiy eumdat albayan./ / (Record no. 82707)

MARC details
000 -LEADER
fixed length control field 00843aaa a2200217 a 4500
001 - CONTROL NUMBER
control field 82707
003 - CONTROL NUMBER IDENTIFIER
rucl marc code BD-RjUL
005 - DATE AND TIME OF LATEST TRANSACTION
control field 20240121163857.0
008 - FIXED-LENGTH DATA ELEMENTS--GENERAL INFORMATION
fixed length control field 211220s 195?ii ||||| |||| 00| p ara d
035 ## - SYSTEM CONTROL NUMBER
System control number (BD-RjUL)82707
040 ## - CATALOGING SOURCE
Original cataloging agency BD-RjUL
Language of cataloging eng
Transcribing agency BD-RjUL
041 ## - LANGUAGE CODE
Language code of text/sound track or separate title ara
082 ## - DEWEY DECIMAL CLASSIFICATION NUMBER
Edition number 23
Classification number 892.71
Author mark and year ALD 195?
100 10 - MAIN ENTRY--PERSONAL NAME
Personal name Alī ibn Abī Ṭālib, Caliph;; علي بن ابي طالب، خليفة
9 (RLIN) 260
245 10 - TITLE STATEMENT
Title الديوان لسيدنا علي رضي الله عنه مع حاشية المسمي بعمدة البيان.;;aldiywan lisayidina eali radi allah eanh mae hashiat almismiy eumdat albayan./ /
Statement of responsibility, etc. ʻAlī ibn Abī Ṭālib;; علي بن ابي طالب
260 ## - PUBLICATION, DISTRIBUTION, ETC. (IMPRINT)
Place of publication, distribution, etc. Karachi :
Name of publisher, distributor, etc. Quran Mahal,
Date of publication, distribution, etc. 195?
300 ## - PHYSICAL DESCRIPTION
Pagination 136 p. ;
Size 23 cm
650 ## - SUBJECT ADDED ENTRY--TOPICAL TERM
Topical term or geographic name as entry element Dewan
Form subdivision Ali (r)
9 (RLIN) 261
Topical term or geographic name as entry element Arabic
Form subdivision Poetry
9 (RLIN) 262
942 ## - ADDED ENTRY ELEMENTS (KOHA)
Source of classification or shelving scheme Dewey Decimal Classification
Koha item type Books
Holdings
Lost status Source of classification or shelving scheme Damaged status Not for loan Collection code Permanent Location Current Location Shelving location Date acquired Total Checkouts Full call number Date last seen Copy number Koha item type
  Dewey Decimal Classification   Not For Loan Non-fiction Central Library, University of Rajshahi Central Library, University of Rajshahi Reading Room 21/01/2024   A 892.71 ALD 195? 21/01/2024 C-1 Books